000 00456nam a22001577a 4500
003 OSt
005 20180115093840.0
008 180115b xxu||||| |||| 00| 0 ara d
040 _aLB-BrCRDP
082 _a350.1 H875w
100 _aفوزي حبيش
245 _aالوظيفة العامة و ادارة شوؤن الموظفين
260 _aبيروت-جونية
_bالمطبعة البولسية
_c1986
300 _aص292
_cسم24
942 _2ddc
_cBK
999 _c18395
_d18395